000
00344nam a2200145Ia 4500
008
150201s2008 xx 000 0 und d
082
_a
618.92
_b
N08K
100
_a
KLIEGMAN, ROBERT M.
245
_a
NELSON TB. OF PEDIATRICS
250
_a
18TH
260
_b
ELSEVIER
_a
DELHI
_c
2008
300
_a
1-1518
650
_a
PAEDIATRICS
942
_2
ddc
_c
BK
999
_c
234
_d
234